000 01117nam a2200301 c 4500
003 BLK
005 20230329161938.0
008 180408b bul|||||r ||||||| ||bul||
010 _aKNG00035844000
040 _aBLK
041 _aBUL
_cBUL
080 _aАмериканска литература (на САЩ)
_b821.111(73)
_x-31
_z821.111(73)-31
100 1 _aХелър, Джоузеф
_eпърви автор
_9244054
700 1 _aЛаптев, Веселин
_eпрев.
_9364791
139 _aХелър, Джоузеф
_bХ 40
245 1 0 _aПортрет на твореца като стар
_bРоман
_cДжоузеф Хелър; прев. Веселин Лаптев.
257 _aUSA
260 София
_bЕМАС
_bГлобус
_c2001
300 _a224 с.
_c20 см
380 _aX
500 _aОриг. загл. Portrait of the Artist, As an Old Man / Joeph Heller.
653 _aромани
852 _aЦб 208411
856 4 _qpdf
_u
856 4 _qpdf
_u
942 _cKNG
_n0
_02
944 _aCR
_c15.01.2003
_lф /
_kГеновева_Генчева
944 _aED
_c26.05.2017
_lф /
_kПенка_Димитрова
999 _c33156
_d33156